000 00862nmm a2200265 a 4500
003 AR-BaBNM
005 20251128203717.0
008 180020s1959 ||||||||||||||000 | spa||
040 _cAR-BaBNM
100 1 _aSierra, Vicente D.
245 1 0 _aHistoria de la Argentina
_bfin del régimen de gobernadores y creación del Virreinato del Río de la Plata [1700-1800]. 3
260 _aBuenos Aires
_bUnión de Editores Latinos
_c1959
300 0 _a673 p.
_bil., láms., mapas
504 _aBibliografía y fuentes para consultar p. 625-642
650 4 _aHISTORIA ARGENTINA
650 4 _aPERIODO COLONIAL
650 4 _aINSTITUCIONES HISPANOAMERICANAS
650 4 _aHISTORIA INSTITUCIONAL
650 4 _aHISTORIA DE BUENOS AIRES
650 4 _aVIRREINATO DEL RIO DE LA PLATA
651 4 _aArgentina
651 4 _aUruguay
942 _cBK
998 _cMariana
999 _c4586
_d4586